000 005120000a22001690004500
003 MACL
005 20160301134254.0
008 160301b xxu||||| |||| 00| 0 eng d
040 _aMACL
_cMACL
041 _aHindi
082 _a891.431
100 _aचन्‍द्रमुखी ओझा सुधा
_941602
245 _aवन्‍दना
260 _bइंडियन प्रेस लिमिटेड
_c1948
_aप्रयाग
650 _aPoetry
_941603
942 _cHIN
_k891.431
_2ddc
999 _c24167
_d24167